Интеграция современного научного знания: методологический анализ

Bibliographic Details
Other Authors: Костюк Н. Т. (редактор)
Language:Russian
Published: Киев, Вища школа, 1984
Subjects:
Format: Book
KOHA link:https://koha.lib.tpu.ru/cgi-bin/koha/opac-detail.pl?biblionumber=294087

MARC

LEADER 00000nam0a2200000 4500
001 294087
005 20231102000646.0
020 |a RU  |b 84-36189 
035 |a (RuTPU)RU\TPU\book\319137 
090 |a 294087 
100 |a 20150508d1984 k y0rusy5003 ca 
101 0 |a rus 
102 |a UA 
105 |a y z 001zy 
200 1 |a Интеграция современного научного знания: методологический анализ  |f под ред. Н. Т. Костюка 
210 |a Киев  |c Вища школа  |d 1984 
215 |a 184 с. 
320 |a Библиогр.: с. 176-183 
606 1 |a Науки  |x Взаимодействие  |x Философские проблемы  |2 stltpush  |3 (RuTPU)RU\TPU\subj\45097  |9 64359 
610 1 |a интеграция 
610 1 |a научное знание 
610 1 |a диалектика 
610 1 |a категорийность 
610 1 |a логика 
686 |a Ю251.23  |v LBC/SL-A  |2 rubbk 
702 1 |a Костюк  |b Н. Т.  |4 340 
801 0 |a RU  |b RuMRKP  |c 19950704  |g psbo 
801 1 |a RU  |b 63413507  |c 20150508 
801 2 |a RU  |b 63413507  |c 20170721  |g RCR 
942 |c BK